000 00974nam a22003133a 4500
001 16405129
003 OSt
005 20140310181623.0
008 870601s1987 onc 000 1 eng d
010 _a 98810273
020 _a0553155180 (pbk.)
035 _a(OCoLC)ocm15791940
040 _aVTL
_cVTL
_dDLC
050 0 0 _aPZ 7
_b.Su968s9 1987
082 _aFIC
_bSu9sv #9
100 1 _aSuzanne, Jamie.
_94455
245 1 0 _aAgainst the rules /
_cwritten by Jamie Suzanne ; created by Francine Pascal.
260 _aToronto ;
_aNew York :
_bBantam Books,
_cc1987.
300 _a104 p. ;
_c20 cm.
440 0 _aSweet valley twins
_v#9
_917657
500 _a"A Bantam Skylark book."
650 _aFiction
_9746
655 7 _aYoung adult fiction.
_2lcsh
_93735
700 1 _aPascal, Francine.
_93767
710 2 _aCopyright Paperback Collection (Library of Congress)
_5DLC
_9705
906 _a7
_bcbc
_ccopycat
_d2
_encip
_f19
_gy-genrareb
942 _cBK-FIC
999 _c205
_d205